Fundamentals of genetics / (Record no. 209505)

MARC details
000 -LEADER
fixed length control field 00791nam a22002057a 4500
005 - DATE AND TIME OF LATEST TRANSACTION
control field 20250429123609.0
010 ## - LCCN (DPL NO)
LC control number B-770160-170 BACEN25
020 ## - INTERNATIONAL STANDARD BOOK NUMBER
Terms of availability 1895.00
International Standard Book Number 9788126936823
035 ## - SYSTEM CONTROL NUMBER
System control number B-770160-170
037 ## - SOURCE OF ACQUISITION
Source of stock number/acquisition Atlantic publishers
082 ## - DEWEY DECIMAL CLASSIFICATION NUMBER
Classification number 572.8
100 ## - MAIN ENTRY--PERSONAL NAME
Personal name Chaubey, mukesh kumar
245 10 - TITLE STATEMENT
Title Fundamentals of genetics /
Statement of responsibility, etc by mukesh kumar chaubey
260 ## - PUBLICATION, DISTRIBUTION, ETC. (IMPRINT)
Place of publication, distribution, etc New Delhi
Name of publisher, distributor, etc Atlantic publishers
Date of publication, distribution, etc 2025
270 ## - ADDRESS
Address 7/22, Ansari road,Daryaganj
City New Delhi
Postal code 110002
300 ## - PHYSICAL DESCRIPTION
Extent vii,653p.
Dimensions 26cm (hbk)
500 ## - GENERAL NOTE
General note Includes index
942 ## - ADDED ENTRY ELEMENTS (KOHA)
Source of classification or shelving scheme Dewey Decimal Classification
Item type English Books
Call number suffix CHA
Classification part 572.8
Holdings
Withdrawn status Lost status Not for loan Collection code Home library Current library Date acquired Source of acquisition Cost, normal purchase price Full call number Barcode Copy number Cost, replacement price Koha item type
      Non-fiction Andrews Gunj Andrews Gunj 29/04/2025 Atlantic publishers/CUST103131/19.3.25/7/15.3.25/26.3.25 1895.00 CHA 572.8 B-770166 1 1895.00 English Books
      Non-fiction Ashok Vihar Ashok Vihar 29/04/2025 Atlantic publishers/CUST103131/19.3.25/7/15.3.25/26.3.25 1895.00 CHA 572.8 B-770161 1 1895.00 English Books
      Non-fiction Bawana Bawana 29/04/2025 Atlantic publishers/CUST103131/19.3.25/7/15.3.25/26.3.25 1895.00 CHA 572.8 B-770169 1 1895.00 English Books
      Non-fiction Central Library Central Library 29/04/2025 Atlantic publishers/CUST103131/19.3.25/7/15.3.25/26.3.25 1895.00 CHA 572.8 B-770160 1 1895.00 English Books
      Non-fiction Janak Puri Janak Puri 29/04/2025 Atlantic publishers/CUST103131/19.3.25/7/15.3.25/26.3.25 1895.00 CHA 572.8 B-770164 1 1895.00 English Books
      Non-fiction Narela Narela 29/04/2025 Atlantic publishers/CUST103131/19.3.25/7/15.3.25/26.3.25 1895.00 CHA 572.8 B-770168 1 1895.00 English Books
      Non-fiction Patel Nagar Patel Nagar 29/04/2025 Atlantic publishers/CUST103131/19.3.25/7/15.3.25/26.3.25 1895.00 CHA 572.8 B-770162 1 1895.00 English Books
      Non-fiction Peshwa Road Peshwa Road 29/04/2025 Atlantic publishers/CUST103131/19.3.25/7/15.3.25/26.3.25 1895.00 CHA 572.8 B-770163 1 1895.00 English Books
      Non-fiction Sarojini Nagar Sarojini Nagar 29/04/2025 Atlantic publishers/CUST103131/19.3.25/7/15.3.25/26.3.25 1895.00 CHA 572.8 B-770165 1 1895.00 English Books
      Non-fiction Shahdara Branch Shahdara Branch 29/04/2025 Atlantic publishers/CUST103131/19.3.25/7/15.3.25/26.3.25 1895.00 CHA 572.8 B-770170 1 1895.00 English Books
      Non-fiction Vinoba Puri Vinoba Puri 29/04/2025 Atlantic publishers/CUST103131/19.3.25/7/15.3.25/26.3.25 1895.00 CHA 572.8 B-770167 1 1895.00 English Books

© Delhi Public Library
Hit Counter
free hit counter